000 00669nam a2200241Ia 4500
003 OSt
005 20220925231924.0
006 a|||||r|||| 00| 0
007 ta
008 220923b |||||||| |||| 00| 0 eng d
020 _a0815803559
037 _cGeneral Book
040 _aRTL
_cRTL
_beng
041 _2eng
_aeng
082 _aX:77, L8
100 _aGianaris Nicholas V
_9296340
245 0 _aEconomic development
_b Thought and problems
260 _aMassachusetts
_bChristopher
_c1978
300 _a364p.
_ccm.
650 _aEconomics Development
942 _hX:77, L8
_cGB
_2CC
999 _c589756
_d589756